| 000 | 00478nam a2200193 4500 | ||
|---|---|---|---|
| 003 | OSt | ||
| 005 | 20260325150313.0 | ||
| 008 | 260325b |||||||| |||| 00| 0 eng d | ||
| 020 | _a978-0-85776-513-0 | ||
| 040 | _cIFM Library | ||
| 100 |
_aMclaney, Eddie _91 |
||
| 245 | _aAccounting: An Introduction | ||
| 250 | _a4th | ||
| 260 |
_bHarlow: _cPrentice Hall, _a2008 |
||
| 300 | _bxxix, 799p.: ill.; 26cm | ||
| 500 | _aIncludes Index | ||
| 700 | _aPeter, Atrill | ||
| 942 |
_cBK _2ddc |
||
| 999 |
_c9 _d9 |
||